000 01295nam a22003497a 4500
003 CHAP
005 20220817043034.0
008 971010s1982 r 00010 d
010 _a63580
011 _a64552
035 _a70201
040 _cCHAP
082 _a001.61
_bT7y
100 0 0 _aTremblay, Jean Paul.
245 1 _aIntroducción a la ciencia de las computadoras
_b: enfoque algorítmico
260 _aMéxico, D. F. :
_bMcGraw-Hill,
_c1982
300 _a486 p
590 _aBATCH-UPD
_b10
_c20130110
_lUCH01
_h0331
590 _aBATCH-UPD
_b10
_c20130110
_lUCH01
_h1859
590 _aCONVERSION
_b10
_c20130109
_lUCH01
_h1334
650 1 4 _aAlgoritmos.
_94077
650 1 4 _aComputadoras.
_926129
700 0 _aBunt, Richard B.
_916083
901 _aBK
942 _cLIBRO
949 _a001.61 T7y
_bBC
_cLIBRO
_d-144832
_eLIBRO
_fc.4
_h76390
_i70201
_si
_t49.52
949 _a001.61 T7y
_bBC
_cLIBRO
_d33724000083226
_eLIBRO
_fc.6
_h35026
_i70201
_si
949 _a001.61 T7y
_bBC
_cLIBRO
_d33724000285615
_eLIBRO
_fc.3
_h74023
_i70201
_si
949 _a001.61 T7y
_bBC
_cLIBRO
_d33724000607495
_eLIBRO
_fc.5
_gI.c/e
_h77484
_i70201
_si
_t34.50
949 _a001.61 T7y
_bBC
_cLIBRO
_d33724000829610
_eLIBRO
_h60146
_i70201
_si
_t750.00
949 _a001.61 T7y
_bBC
_cLIBRO
_d33724000832119
_eLIBRO
_fc.2
_h74022
_i70201
_si
999 _c63580
_d63580